00306nam a2200109Ia 4500008004100000041001200041082001100053100002300064245009700087260000600184650000600190221030s9999 xx 000 0 und d aEnglish a105.23 aA. K. Mukhopadhyay 0aText Book on Microprocessor - Based Laboratory Experiments & Projectscby A. K. Mukhopadhyay c0 aB